000 01020nam1a22002891 4500
001 rc\620247
005 20260407073403.0
035 _a(NLR Aleph) 005950420
090 _a6759642
_c6759642
100 _a20031121d1986 u y0rusy50 ca
101 0 _arus
102 _aRU
105 _ay |||||||||
200 1 _aБилет на всю вечность
_eПовесть об Эрмитаже
_eВ 3 ч.
_fС. Варшавский, Б. Рест
205 _a3-е изд.
210 _aЛ.
_cЛениздат
_d1986
215 _d20
225 1 _aБиблиотека молодого рабочего
300 _aПеред вып. дан. 2-й авт.: Юлий Исаакович Рест (Б. Рест)
700 1 _aВаршавский
_bС.П.
_f1906-1980
_gСергей Петрович
701 1 _aРест
_bБ.
712 0 2 _aЭрмитаж
_cЛенинград
_3RU\NLR\AUTH\883314
_9277858
801 0 _aRU
_bNLR
_gpsbo
801 1 _aRU
_bELAR
_2rusmarc
852 _aNLR
_j86-3/8524
942 _cBOOK
980 _aNB